| 000 | 00472nam a2200181Ia 4500 | ||
|---|---|---|---|
| 003 | GCL | ||
| 008 | 140319s9999 xx 000 0 eng d | ||
| 040 |
_aGCL / _cGCL |
||
| 082 | 0 | 4 |
_a759 _bL K |
| 100 | 1 | _aLE TARGAT, FRANCOIS | |
| 245 | 1 | 0 |
_aKANDINSKY / _cLE TARGAT, FRANCOIS |
| 260 |
_a[S.N] : _bACADEMY EDITIONS ، _c1988 |
||
| 300 | _a128 P P | ||
| 650 | 0 | 4 | _aPAINTERS AND PAINTINGS |
| 650 | 0 | 4 | _aKANDINSKY, WASSILY |
| 650 | 0 | 4 | _aRUSSIA - PAINTERS |
| 942 |
_2ddc _cBK |
||
| 999 |
_c12154 _d12154 |
||